[Event "SVK-ch op"]
[Site "Ruzomberok"]
[Date "2019.07.05"]
[Round "7"]
[White "Mudron, Jan"]
[Black "Slyk, Piotr"]
[Result "1-0"]
[WhiteElo "1756"]
[BlackElo "1082"]
[PlyCount "169"]
[EventDate "2019.06.29"]
[EventType "swiss"]
[EventRounds "9"]
[EventCountry "SVK"]
[SourceTitle "CBM 191 Extra"]
[Source "ChessBase"]
[SourceDate "2019.09.30"]
[SourceVersion "1"]
[SourceVersionDate "2019.09.30"]
[SourceQuality "1"]

1. d4 e6 2. c4 g6 3. Nc3 Bg7 4. e4 d6 5. Nf3 Nc6 6. Be3 a6 7. Be2 Nge7 8. Qd2 d5 9. e5 0-0 10. c5 b6 11. cxb6 cxb6 12. Rc1 Bd7 13. 0-0 Nf5 14. Bf4 b5 15. b3 Rc8 16. Nb1 Qa5 17. Qb2 Qb6 18. Rcd1 Nb4 19. Rd2 Rc7 20. g4 Nh6 21. a3 Nc6 22. h3 f6 23. exf6 Rxf6 24. Bxc7 Qxc7 25. g5 Rxf3 26. Bxf3 Nf5 27. Rd3 Qf4 28. Qd2 Qxd2 29. Nxd2 Bxd4 30. Rc1 Kf7 31. b4 Ne5 32. Rb3 Nc6 33. Kf1 h6 34. gxh6 Nxh6 35. Bg4 Nxg4 36. hxg4 e5 37. f3 Ke6 38. Kg2 a5 39. Rh1 Be8 40. Rh7 Bf7 41. bxa5 Nxa5 42. Rxb5 Nc6 43. Nb3 Be3 44. Nc5+ Bxc5 45. Rxc5 Ne7 46. Rb5 Be8 47. Rb6+ Nc6 48. Rh8 Bd7 49. Rh6 Be8 50. Kf2 Kf6 51. Rh8 Bd7 52. Rh7 Ke6 53. Rg7 Be8 54. Ke3 Kd6 55. Rg8 Bf7 56. Rf8 d4+ 57. Kd3 Bd5 58. Rf6+ Kc5 59. Rb2 Bc4+ 60. Kd2 Ne7 61. Rb7 Nd5 62. Rxg6 Nf4 63. Rg5 Kc6 64. Re7 Nh3 65. Rgxe5 Nf4 66. Rg5 Bd5 67. Rxd5 Kxd5 68. Re4 Ng6 69. Kd3 Kc5 70. f4 Kd5 71. Rxd4+ Ke6 72. f5+ Kf7 73. fxg6+ Kxg6 74. Rd5 Kf6 75. Rf5+ Ke6 76. Ke4 Kd6 77. g5 Ke6 78. g6 Kd6 79. g7 Ke6 80. g8Q+ Ke7 81. Qf7+ Kd6 82. Qd5+ Kc7 83. Rf6 Kc8 84. Rf7 Kb8 85. Qb7# 1-0